000 01013nam a2200277 a 4500
003 CBULib
005 20240802102003.0
008 200826s2019 ||||||||||||||||| || u
020 _a9789211129533
040 _aCBULib
_bEnglish
_cCBULib
_erda
041 _aeng
050 _aUNCTAD(058)TDR/2019
110 _aUnited Nations Conference on Trade and Development (UNCTAD)
245 1 0 _aTrade and development report 2019 : financing a global green new deal :
_c/ by United Nations Conference on Trade and Development
260 _aNew York :
_bUnited Nations,
_c2019.
300 _axiv, 173 pages : illustrations
336 _2rdacontent
_aText |
_btxt
337 _2rdamedia
_aUnmediated |
_bn
338 _2rdacarrier
_aVolume
_bnc
650 _aDEBT, EXTERNAL--DEVELOPING COUNTRIES
650 _aTRADE AND DEVELOPMENT
650 _aDEVELOPING COUNTRIES--COMMERCE--PERIODICALS
650 _aDEVELOPING COUNTRIES--ECONOMIC CONDITIONS--PERIODICALS
650 _aCOMMERCE--PERIODICALS
942 _2mc
_c029
999 _c81380
_d81380